[Event "ENCI Limburg-open A"]
[Site "Maastricht"]
[Date "2007.05.27"]
[Round "5"]
[White "Swinkels, Robin"]
[Black "Steffens, Olaf"]
[Result "1-0"]
[WhiteElo "2433"]
[BlackElo "2258"]
[PlyCount "121"]
[EventDate "2007.05.25"]
[EventType "swiss"]
[EventRounds "7"]
[EventCountry "NED"]
[Source "P.Boonen"]
[SourceDate "2010.01.01"]

1. e4 b6 2. d4 Bb7 3. Nc3 e6 4. Bd3 Nf6 5. Nge2 d5 6. e5 Nfd7 7. Nb1 c5 8. c3
Nc6 9. Nd2 cxd4 10. cxd4 Nb4 11. Bb1 Ba6 12. Nf3 Qc7 13. a3 Nc6 14. Bd2 Be7 15.
O-O Rc8 16. Re1 h6 17. Ng3 g5 18. h3 Qb7 19. Nh5 Kd8 20. Bc3 Kc7 21. Nh2 Rcf8
22. Ng4 Kb8 23. Bc2 Rc8 24. Rc1 Nf8 25. Qf3 Nd8 26. Bb1 Ng6 27. g3 Bb5 28. Bd2
Rc4 29. Qe3 Nc6 30. Bc3 Qa6 31. Bd3 Nd8 32. Bxc4 dxc4 33. d5 exd5 34. e6 Bc5
35. Qd2 Rf8 36. e7 Nxe7 37. Bg7 Ne6 38. Rxe6 fxe6 39. Bxf8 Nf5 40. Bxc5 bxc5
41. Ne5 Nd4 42. Re1 Qd6 43. Kg2 Nb3 44. Qd1 d4 45. Re4 a5 46. Nf6 a4 47. f3 Ka7
48. Qe1 c3 49. bxc3 d3 50. Nc4 Bxc4 51. Rxc4 Qa6 52. Re4 d2 53. Qd1 h5 54. Re2
Qd3 55. g4 Qxc3 56. Ne4 Qd4 57. Nxd2 hxg4 58. hxg4 c4 59. Qg1 c3 60. Ne4 e5 61.
Nxc3 1-0

[Event "ENCI Limburg-open A"]
[Site "Maastricht"]
[Date "2007.05.27"]
[Round "5"]
[White "Van Eijk, Sander"]
[Black "Nabuurs, Mart"]
[Result "1/2-1/2"]
[WhiteElo "2259"]
[BlackElo "2096"]
[PlyCount "83"]
[EventDate "2007.05.25"]
[EventType "swiss"]
[EventRounds "7"]
[EventCountry "NED"]
[Source "P.Boonen"]
[SourceDate "2010.01.01"]

1. e4 d5 2. exd5 Qxd5 3. Nc3 Qa5 4. d4 Nf6 5. Nf3 Bg4 6. h3 Bh5 7. g4 Bg6 8.
Ne5 e6 9. Nc4 Qa6 10. Bf4 Qc6 11. Rh2 Bb4 12. Bd2 Bxc3 13. Bxc3 Ne4 14. Bb4 Nd7
15. Qe2 h5 16. Rg2 Ng5 17. Rg3 Be4 18. O-O-O a5 19. Ra3 b6 20. Qe3 axb4 21.
Rxa8+ Qxa8 22. Qxg5 Qxa2 23. Qxg7 Rh7 24. Qg8+ Nf8 25. Qg5 Bd5 26. Ne3 f6 27.
Qf4 Re7 28. Re1 Qa1+ 29. Kd2 Qxb2 30. Bb5+ Nd7 31. gxh5 Qc3+ 32. Ke2 c6 33. Bd3
e5 34. Bg6+ Kd8 35. dxe5 Nxe5 36. Rd1 Nxg6 37. hxg6 Qxc2+ 38. Rd2 Qxg6 39. Kf1
Qh5 40. h4 Qe5 41. Qxb4 b5 42. Qc5 1/2-1/2

[Event "ENCI Limburg-open A"]
[Site "Maastricht"]
[Date "2007.05.27"]
[Round "5"]
[White "Van Eijndhoven, Erik"]
[Black "Koenig, Christian"]
[Result "1/2-1/2"]
[WhiteElo "2026"]
[BlackElo "2185"]
[PlyCount "23"]
[EventDate "2007.05.25"]
[EventType "swiss"]
[EventRounds "7"]
[EventCountry "NED"]
[Source "P.Boonen"]
[SourceDate "2010.01.01"]

1. Nf3 b6 2. g3 Bb7 3. Bg2 g6 4. d4 Bg7 5. O-O e6 6. c4 Ne7 7. Nc3 d6 8. e4 O-O
9. Be3 h6 10. Qc2 Nd7 11. Rfe1 a6 12. Rad1 1/2-1/2

[Event "ENCI Limburg-open A"]
[Site "Maastricht"]
[Date "2007.05.27"]
[Round "5"]
[White "Van Weersel, Arlette"]
[Black "Driessens, Patrick"]
[Result "1/2-1/2"]
[WhiteElo "2156"]
[BlackElo "2276"]
[PlyCount "60"]
[EventDate "2007.05.25"]
[EventType "swiss"]
[EventRounds "7"]
[EventCountry "NED"]
[Source "P.Boonen"]
[SourceDate "2010.01.01"]

1. e4 e6 2. d3 c5 3. Nf3 Nc6 4. g3 g6 5. Bg2 Bg7 6. O-O Nge7 7. c3 O-O 8. Be3
b6 9. d4 cxd4 10. Nxd4 Bb7 11. Nb5 d5 12. Bf4 dxe4 13. Bxe4 e5 14. Bg5 Qxd1 15.
Rxd1 f6 16. Rd7 Rad8 17. Rxb7 Rd1+ 18. Kg2 fxg5 19. Nxa7 Nxa7 20. Rxe7 Nc8 21.
Rc7 Rfd8 22. a4 Nd6 23. Bc2 Rc1 24. Bb3+ Kh8 25. a5 bxa5 26. Ra7 Rb8 27. Bd5 h5
28. b3 Rf8 29. R7xa5 Rc2 30. Ra8 Rcxf2+ 1/2-1/2

[Event "ENCI Limburg-open A"]
[Site "Maastricht"]
[Date "2007.05.27"]
[Round "5"]
[White "Van der Berg, Bram"]
[Black "Van Beek, Alexander"]
[Result "0-1"]
[WhiteElo "2196"]
[BlackElo "2373"]
[PlyCount "66"]
[EventDate "2007.05.25"]
[EventType "swiss"]
[EventRounds "7"]
[EventCountry "NED"]
[Source "P.Boonen"]
[SourceDate "2010.01.01"]

1. e4 e5 2. d4 exd4 3. f4 d5 4. e5 Bb4+ 5. Nd2 c5 6. Ngf3 Nh6 7. a3 Nf5 8. Bb5+
Nc6 9. axb4 Ne3 10. Qe2 Nxc2+ 11. Kf2 Nxa1 12. bxc5 Nc2 13. Nb3 N2b4 14. Nbxd4
O-O 15. Bd2 Bg4 16. Qe3 Bxf3 17. Nxf3 Qa5 18. Bxc6 bxc6 19. Rc1 Rab8 20. Nd4
Qa6 21. Rc3 Qa1 22. Ke2 Na2 23. Rb3 Rxb3 24. Qxb3 Nc1+ 25. Bxc1 Qxc1 26. Nxc6
Qxc5 27. Qxd5 Qxd5 28. Ne7+ Kh8 29. Nxd5 Rb8 30. Kf3 Rxb2 31. f5 a5 32. e6 fxe6
33. fxe6 Kg8 0-1

[Event "ENCI Limburg-open A"]
[Site "Maastricht"]
[Date "2007.05.27"]
[Round "5"]
[White "Van der Veen, Terry"]
[Black "Renette, Hans"]
[Result "1/2-1/2"]
[WhiteElo "2118"]
[BlackElo "2241"]
[PlyCount "74"]
[EventDate "2007.05.25"]
[EventType "swiss"]
[EventRounds "7"]
[EventCountry "NED"]
[Source "P.Boonen"]
[SourceDate "2010.01.01"]

1. Nf3 Nc6 2. g3 e5 3. d3 f5 4. Bg2 Nf6 5. O-O d6 6. Nc3 Be7 7. h3 e4 8. dxe4
fxe4 9. Nd4 d5 10. Kh2 O-O 11. f4 Nxd4 12. Qxd4 c6 13. e3 b5 14. Ne2 Ne8 15.
Qd1 Nc7 16. b3 Bf6 17. Rb1 Ba6 18. a3 Re8 19. Re1 b4 20. axb4 Bxe2 21. Qxe2 Bc3
22. Bd2 Nb5 23. Qf2 Qd6 24. Bxc3 Nxc3 25. Ra1 Qxb4 26. Qd2 a5 27. h4 Rad8 28.
Qd4 Qxd4 29. exd4 Nb5 30. Rxa5 Nxd4 31. Rc5 e3 32. c3 Nc2 33. Re2 d4 34. cxd4
Nxd4 35. Re1 e2 36. Kg1 Re3 37. Kf2 Rxb3 1/2-1/2

[Event "ENCI Limburg-open A"]
[Site "Maastricht"]
[Date "2007.05.27"]
[Round "5"]
[White "Van der Zwet, Bart"]
[Black "Friese, Henning"]
[Result "0-1"]
[WhiteElo "2000"]
[BlackElo "2077"]
[PlyCount "72"]
[EventDate "2007.05.25"]
[EventType "swiss"]
[EventRounds "7"]
[EventCountry "NED"]
[Source "P.Boonen"]
[SourceDate "2010.01.01"]

1. e4 c5 2. Nc3 Nc6 3. f4 g6 4. Nf3 Bg7 5. Bc4 e6 6. O-O Nge7 7. d3 d5 8. Bb5
O-O 9. Ne2 Na5 10. c3 c4 11. Be3 a6 12. Ba4 cxd3 13. Qxd3 Nc4 14. Rab1 b5 15.
Bb3 dxe4 16. Qxe4 Nxe3 17. Qxe3 Bb7 18. Ne5 Nd5 19. Qf2 Qc7 20. Ng4 Rfd8 21.
Rbd1 Rd7 22. Rd2 Rad8 23. Rfd1 h5 24. Ne3 Nxf4 25. Nxf4 Rxd2 26. Rxd2 Rxd2 27.
Qxd2 Qxf4 28. Nf1 Qf6 29. Qd7 Bf8 30. Qc7 Qf5 31. h4 Bc5+ 32. Kh2 Qxf1 33. Qxb7
Bg1+ 34. Kg3 Qf2+ 35. Kh3 Qf5+ 36. g4 Qxg4# 0-1

[Event "ENCI Limburg-open A"]
[Site "Maastricht"]
[Date "2007.05.27"]
[Round "5"]
[White "Vanwersch, Sander"]
[Black "Schilperoort, Jeroen"]
[Result "1/2-1/2"]
[WhiteElo "2126"]
[BlackElo "1946"]
[PlyCount "57"]
[EventDate "2007.05.25"]
[EventType "swiss"]
[EventRounds "7"]
[EventCountry "NED"]
[Source "P.Boonen"]
[SourceDate "2010.01.01"]

1. e4 Nc6 2. d4 d5 3. Nc3 dxe4 4. d5 Ne5 5. Qd4 Ng6 6. Qa4+ Bd7 7. Qb3 Qc8 8.
Nxe4 e6 9. Bc4 Nf6 10. dxe6 Bxe6 11. Bxe6 Qxe6 12. Qxe6+ fxe6 13. Ng5 e5 14.
Bd2 Bc5 15. Ne6 Ne4 16. Nxc5 Nxc5 17. Be3 Ne4 18. O-O-O O-O 19. f3 Nd6 20. Bc5
Rad8 21. Ne2 b6 22. Bxd6 cxd6 23. Rd2 Rf7 24. Rhd1 Rfd7 25. Kb1 Kf7 26. c4 Ke6
27. Nc3 Ne7 28. Ne4 h6 29. Ng3 1/2-1/2

[Event "ENCI Limburg-open A"]
[Site "Maastricht"]
[Date "2007.05.27"]
[Round "5"]
[White "Winkelmann, Elena"]
[Black "Morren, Eric Jan"]
[Result "1-0"]
[WhiteElo "2114"]
[BlackElo "1801"]
[PlyCount "85"]
[EventDate "2007.05.25"]
[EventType "swiss"]
[EventRounds "7"]
[EventCountry "NED"]
[Source "P.Boonen"]
[SourceDate "2010.01.01"]

1. d4 d5 2. c4 Nf6 3. cxd5 Nxd5 4. e4 Nb6 5. Nc3 g6 6. f3 Bg7 7. Be3 c6 8. Qd2
Be6 9. h4 h5 10. Nh3 Bc4 11. b3 Bxf1 12. Kxf1 e5 13. dxe5 Qxd2 14. Bxd2 Bxe5
15. Rd1 N8d7 16. f4 Bg7 17. Ng5 O-O 18. e5 Rfe8 19. Nce4 Bf8 20. g4 hxg4 21. h5
gxh5 22. Rxh5 Nd5 23. Rh7 Bg7 24. Nd6 Nf8 25. Rh4 Re7 26. Rxg4 f6 27. Nge4 fxe5
28. f5 Nh7 29. Kf2 Kf8 30. Rh1 Ndf6 31. Rg6 Rd8 32. Bb4 Kg8 33. Rhg1 Kh8 34.
Nxf6 Nxf6 35. Nc4 Rc7 36. Nxe5 Ne4+ 37. Ke3 Bxe5 38. Kxe4 Re8 39. Re6 Rxe6 40.
fxe6 Bf6 41. Kf5 Bd8 42. Bc3+ Kh7 43. Rh1+ 1-0

[Event "ENCI Limburg-open A"]
[Site "Maastricht"]
[Date "2007.05.27"]
[Round "5"]
[White "Wislez, Franscis"]
[Black "Oosterman, Maarten Jan"]
[Result "1-0"]
[WhiteElo "2083"]
[BlackElo "1959"]
[PlyCount "119"]
[EventDate "2007.05.25"]
[EventType "swiss"]
[EventRounds "7"]
[EventCountry "NED"]
[Source "P.Boonen"]
[SourceDate "2010.01.01"]

1. d4 d5 2. Nf3 c6 3. g3 Nf6 4. Bg2 Bf5 5. O-O h6 6. Nbd2 e6 7. Ne5 Nbd7 8.
Nxd7 Qxd7 9. c3 Bd6 10. f3 e5 11. dxe5 Bxe5 12. Nb3 O-O 13. Nd4 Bh3 14. g4 Bxg2
15. Kxg2 c5 16. Nf5 h5 17. h3 g6 18. Nh6+ Kg7 19. g5 Nh7 20. f4 Bc7 21. e4 Rad8
22. e5 d4 23. Qf3 dxc3 24. bxc3 Qd5 25. Qxd5 Rxd5 26. Be3 b6 27. Rad1 Rfd8 28.
Rxd5 Rxd5 29. c4 Rd7 30. h4 Nf8 31. Kf3 Ne6 32. Ke4 Nd8 33. Rf2 Kf8 34. Rd2 Ke7
35. Ng8+ Ke6 36. Rxd7 Kxd7 37. Kd5 Ne6 38. Nf6+ Kc8 39. Ng8 Kd7 40. Nf6+ Kc8
41. Ne4 Kd7 42. Ng3 Ng7 43. a4 Bb8 44. Bd2 Bc7 45. Be1 Bb8 46. Bf2 Bc7 47. a5
Bb8 48. axb6 axb6 49. Ne4 Ne6 50. Nf6+ Kc7 51. Be3 Nd8 52. f5 gxf5 53. Nxh5 Nc6
54. e6 Ne7+ 55. Ke5 fxe6 56. Kxe6 Ng6 57. Bf2 f4 58. Kf6 Nxh4 59. Bxh4 Kc6 60.
g6 1-0

[Event "ENCI Limburg-open A"]
[Site "Maastricht"]
[Date "2007.05.27"]
[Round "5"]
[White "Wlogalski, Olivier"]
[Black "Van den Bersselaar, Henri"]
[Result "1/2-1/2"]
[WhiteElo "2016"]
[BlackElo "1896"]
[PlyCount "142"]
[EventDate "2007.05.25"]
[EventType "swiss"]
[EventRounds "7"]
[EventCountry "NED"]
[Source "P.Boonen"]
[SourceDate "2010.01.01"]

1. b3 d5 2. Bb2 Bf5 3. e3 Nd7 4. f4 Ngf6 5. Nf3 e6 6. Nc3 a6 7. Ne2 Bg4 8. Ng3
Bxf3 9. Qxf3 Bb4 10. a3 Bd6 11. Be2 c6 12. O-O Qc7 13. d4 h5 14. Bd3 Ng4 15. h3
Ngf6 16. c4 g6 17. e4 dxe4 18. Nxe4 Nxe4 19. Bxe4 f5 20. Bd3 O-O 21. c5 Be7 22.
Rae1 Bf6 23. Rxe6 Rae8 24. Rxe8 Rxe8 25. Qg3 Kh7 26. Qf2 Qd8 27. Qd2 Bg7 28.
Rd1 Qe7 29. Bc4 Qe4 30. b4 Qe3+ 31. Qxe3 Rxe3 32. Kf2 Re4 33. g3 h4 34. Rd2
hxg3+ 35. Kxg3 Nf6 36. Be2 Re3+ 37. Kf2 Rxh3 38. Rd3 Rh2+ 39. Ke1 Nd5 40. Bc1
Rh4 41. Kd1 Nxf4 42. Bxf4 Rxf4 43. d5 cxd5 44. Rxd5 Bb2 45. Rd7+ Kh6 46. Rxb7
Bxa3 47. c6 Rd4+ 48. Kc2 Rd6 49. Bf3 Rd8 50. c7 Rc8 51. Bd5 Bxb4 52. Be6 Rxc7+
53. Rxc7 a5 54. Rc8 Kg5 55. Kd3 Kf6 56. Re8 a4 57. Bc4 Be7 58. Ra8 a3 59. Ra6+
Kg7 60. Kd4 Bf6+ 61. Kd5 Bb2 62. Ke6 f4 63. Kd5 Kh6 64. Bd3 Kh5 65. Bxg6+ Kg4
66. Bf7 Bc1 67. Rc6 Bb2 68. Rc2 Kg3 69. Ke4 f3 70. Ke3 f2 71. Rxf2 Bd4+ 1/2-1/2

[Event "ENCI Limburg-open A"]
[Site "Maastricht"]
[Date "2007.05.27"]
[Round "5"]
[White "Zachariassen, Bjarne"]
[Black "Reyniers, Pieter"]
[Result "0-1"]
[WhiteElo "1946"]
[BlackElo "2016"]
[PlyCount "80"]
[EventDate "2007.05.25"]
[EventType "swiss"]
[EventRounds "7"]
[EventCountry "NED"]
[Source "P.Boonen"]
[SourceDate "2010.01.01"]

1. e4 c5 2. c3 Nf6 3. e5 Nd5 4. Nf3 e6 5. Bc4 Nc7 6. d4 cxd4 7. cxd4 d6 8. Bg5
Be7 9. Bxe7 Qxe7 10. exd6 Qxd6 11. O-O O-O 12. Nc3 Nc6 13. Qd3 a6 14. Ng5 g6
15. Rad1 b5 16. Qh3 h5 17. Nce4 Qe7 18. Bd3 f5 19. Qg3 Nxd4 20. Nc3 Bb7 21. Nh3
Qf7 22. Nf4 Kh7 23. Rfe1 Rac8 24. Qe3 Rfd8 25. Bb1 Qf6 26. a3 Rd6 27. Ba2 Rcd8
28. Rc1 R8d7 29. b4 Qh4 30. Qg3 Qf6 31. Qe3 Re7 32. Nd3 e5 33. Nc5 Ba8 34. Red1
g5 35. Ne2 f4 36. Ne4 fxe3 37. Nxf6+ Rxf6 38. Nxd4 exf2+ 39. Kf1 exd4 40. Rxd4
Ne6 0-1

[Event "ENCI Limburg-open A"]
[Site "Maastricht"]
[Date "2007.05.27"]
[Round "5"]
[White "Zilverberg, Jasper"]
[Black "Van Gool, Henk"]
[Result "0-1"]
[WhiteElo "2013"]
[BlackElo "2183"]
[PlyCount "80"]
[EventDate "2007.05.25"]
[EventType "swiss"]
[EventRounds "7"]
[EventCountry "NED"]
[Source "P.Boonen"]
[SourceDate "2010.01.01"]

1. c4 e5 2. g3 Nc6 3. Bg2 f5 4. Nc3 Nf6 5. e3 d6 6. Nge2 g6 7. O-O Bg7 8. d3
O-O 9. Rb1 a5 10. a3 Qe8 11. Nd5 Qf7 12. b4 axb4 13. axb4 Nd8 14. b5 Ne6 15.
Nxf6+ Bxf6 16. Bd2 g5 17. f4 gxf4 18. exf4 e4 19. dxe4 fxe4 20. Be3 Ng7 21.
Bxe4 Nf5 22. Bf2 Ra2 23. Rc1 Re8 24. Nc3 Rxf2 25. Rxf2 Ne3 26. Qd3 Ng4 27. Bd5
Be6 28. Re2 Kg7 29. Rxe6 Rxe6 30. f5 Qh5 31. Qc2 Bd4+ 32. Kh1 Bf2 33. h4 Bxg3
34. Bxe6 Qxh4+ 35. Kg1 Bf2+ 36. Kf1 Ne3+ 37. Ke2 Nxc2 38. Rxc2 Bd4 39. Nd5 c6
40. Ne3 Qe4 0-1

[Event "ENCI Limburg-open A"]
[Site "Maastricht"]
[Date "2007.05.28"]
[Round "6"]
[White "Burg, Brent"]
[Black "Miesen, Fabian"]
[Result "1/2-1/2"]
[WhiteElo "1972"]
[BlackElo "2166"]
[PlyCount "36"]
[EventDate "2007.05.25"]
[EventType "swiss"]
[EventRounds "7"]
[EventCountry "NED"]
[Source "P.Boonen"]
[SourceDate "2010.01.01"]

1. e4 Nc6 2. Nf3 d5 3. exd5 Qxd5 4. Nc3 Qa5 5. d4 Bg4 6. Bb5 e6 7. h3 Bh5 8. g4
Bg6 9. Ne5 Bb4 10. Bxc6+ bxc6 11. Qf3 Bxc3+ 12. bxc3 Qd5 13. Qxd5 cxd5 14. Nxg6
hxg6 15. Rb1 Nf6 16. f3 Kd7 17. Kf2 Kc6 18. Kg3 Rhb8 1/2-1/2

[Event "ENCI Limburg-open A"]
[Site "Maastricht"]
[Date "2007.05.28"]
[Round "6"]
[White "Clevers, Egbert"]
[Black "Pastoor, Ernst Jan"]
[Result "1-0"]
[WhiteElo "1973"]
[BlackElo "1825"]
[PlyCount "85"]
[EventDate "2007.05.25"]
[EventType "swiss"]
[EventRounds "7"]
[EventCountry "NED"]
[Source "P.Boonen"]
[SourceDate "2010.01.01"]

1. Nc3 g6 2. b3 Bg7 3. Bb2 Nf6 4. e3 d6 5. Nge2 Nbd7 6. h3 b6 7. a4 a5 8. Nd4
Bb7 9. Rg1 e5 10. Ndb5 Qb8 11. g4 c6 12. g5 Nh5 13. Na3 h6 14. Ne4 d5 15. gxh6
Bxh6 16. Ng5 Rg8 17. c4 f6 18. Nf3 f5 19. cxd5 f4 20. Rc1 cxd5 21. Nb5 fxe3 22.
dxe3 e4 23. Nc7+ Ke7 24. Nd4 Nc5 25. Nxa8 Bxa8 26. Ba3 Nf6 27. b4 axb4 28. Bxb4
Kf7 29. a5 Rc8 30. axb6 Qxb6 31. Bxc5 Rxc5 32. Rxc5 Qxc5 33. Qa1 Nd7 34. Qxa8
Qc1+ 35. Ke2 Qb2+ 36. Kd1 Qb1+ 37. Kd2 Qb4+ 38. Kc2 Qc5+ 39. Kb3 Bf8 40. Qb7
Ke8 41. Bb5 Qa3+ 42. Kc2 Qa2+ 43. Kd1 1-0

[Event "ENCI Limburg-open A"]
[Site "Maastricht"]
[Date "2007.05.28"]
[Round "6"]
[White "Coenen, Bert"]
[Black "Perrenet, Jacob"]
[Result "0-1"]
[WhiteElo "1879"]
[BlackElo "2024"]
[PlyCount "56"]
[EventDate "2007.05.25"]
[EventType "swiss"]
[EventRounds "7"]
[EventCountry "NED"]
[Source "P.Boonen"]
[SourceDate "2010.01.01"]

1. d4 Nc6 2. Bf4 d6 3. Nf3 e6 4. e3 Bd7 5. c4 Nf6 6. Nc3 Qe7 7. e4 h6 8. e5
dxe5 9. dxe5 Nh5 10. Be3 g5 11. Nd2 Nf4 12. g3 Ng6 13. f4 gxf4 14. gxf4 Qh4+
15. Bf2 Qxf4 16. Bg2 Qxe5+ 17. Nde4 O-O-O 18. Qa4 Qa5 19. O-O Qxa4 20. Nxa4 Bg7
21. Nec5 Nf4 22. Nxd7 Nxg2 23. Ndc5 Nf4 24. Bh4 Rdg8 25. Kh1 Ng6 26. Rxf7 Nxh4
27. Nxe6 Ne5 28. Nxg7 Nxf7 0-1

[Event "ENCI Limburg-open A"]
[Site "Maastricht"]
[Date "2007.05.28"]
[Round "6"]
[White "Ekat, Michael"]
[Black "In 't Veld, Daan"]
[Result "0-1"]
[WhiteElo "2008"]
[BlackElo "2204"]
[PlyCount "90"]
[EventDate "2007.05.25"]
[EventType "swiss"]
[EventRounds "7"]
[EventCountry "NED"]
[Source "P.Boonen"]
[SourceDate "2010.01.01"]

1. e4 c5 2. d4 cxd4 3. c3 Nf6 4. e5 Nd5 5. Nf3 e6 6. cxd4 d6 7. Be2 Nc6 8. exd6
Bxd6 9. O-O O-O 10. Nc3 Nce7 11. Bg5 Qa5 12. Qb3 b6 13. Ne4 Bf4 14. Bxe7 Nxe7
15. g3 Bh6 16. Ne5 Bb7 17. Nc4 Qd5 18. Bf3 Qd7 19. Rfd1 Bd5 20. Qb4 Nc6 21. Ne5
Nxb4 22. Nxd7 Rfd8 23. Ne5 Nc2 24. Rab1 Bxa2 25. Ng4 Bxb1 26. Nxh6+ gxh6 27.
Nf6+ Kg7 28. Nh5+ Kg6 29. Nf4+ Kf5 30. Bxa8 Rxa8 31. Rxb1 Nxd4 32. Ra1 a5 33.
Ra4 e5 34. Nd5 b5 35. Ra3 a4 36. Kg2 Nb3 37. Nc7 Ra5 38. Nd5 Ke4 39. Nc3+ Kd3
40. Nxb5 Rxb5 41. Rxa4 Rb6 42. Ra7 Rf6 43. Rd7+ Ke2 44. f3 Rxf3 45. Re7 f6 0-1

[Event "ENCI Limburg-open A"]
[Site "Maastricht"]
[Date "2007.05.28"]
[Round "6"]
[White "Friese, Henning"]
[Black "Klein, Felix"]
[Result "1-0"]
[WhiteElo "2077"]
[BlackElo "2207"]
[PlyCount "75"]
[EventDate "2007.05.25"]
[EventType "swiss"]
[EventRounds "7"]
[EventCountry "NED"]
[Source "P.Boonen"]
[SourceDate "2010.01.01"]

1. c4 e6 2. Nc3 d5 3. d4 c6 4. Nf3 dxc4 5. a4 Bb4 6. e3 b5 7. axb5 cxb5 8. Bd2
Bxc3 9. Bxc3 a5 10. b3 Bb7 11. bxc4 b4 12. Bb2 Nf6 13. Bd3 O-O 14. Qc2 Nbd7 15.
e4 e5 16. dxe5 Nc5 17. Rd1 Nfxe4 18. O-O Qe7 19. Rfe1 Nxd3 20. Rxd3 a4 21. Bd4
Rfc8 22. Rde3 Nc5 23. Bxc5 Qxc5 24. Ng5 g6 25. Qd2 Qxc4 26. e6 fxe6 27. Nxh7
Rd8 28. Nf6+ Kf7 29. Nd7 Qd5 30. Rf3+ Ke7 31. Qxb4+ Kxd7 32. Rc1 e5 33. Qg4+
Qe6 34. Rf7+ Kd6 35. Qb4+ Kd5 36. Rd1+ Kc6 37. Qxb7+ Kc5 38. Rc7+ 1-0

[Event "ENCI Limburg-open A"]
[Site "Maastricht"]
[Date "2007.05.28"]
[Round "6"]
[White "Geboers, Jimmy"]
[Black "Akstinat, Sven Holger"]
[Result "1-0"]
[WhiteElo "1959"]
[BlackElo "2182"]
[PlyCount "141"]
[EventDate "2007.05.25"]
[EventType "swiss"]
[EventRounds "7"]
[EventCountry "NED"]
[Source "P.Boonen"]
[SourceDate "2010.01.01"]

1. d4 e6 2. e4 d5 3. Nd2 dxe4 4. Nxe4 Nd7 5. Bd3 Ngf6 6. Bg5 Be7 7. Nxf6+ Nxf6
8. Nf3 O-O 9. c3 c5 10. Bc2 b6 11. Qd3 g6 12. O-O Bb7 13. Bh6 Re8 14. Ba4 Qd5
15. Bxe8 Nxe8 16. Qe3 Qh5 17. Bf4 Nf6 18. Bg3 Rc8 19. Rad1 Bd5 20. b3 c4 21. b4
b5 22. Nd2 Qf5 23. Rc1 g5 24. f3 Nh5 25. Ne4 Nf4 26. Nf2 h6 27. Bxf4 gxf4 28.
Qe5 Qxe5 29. dxe5 Bd8 30. Nh3 Bb6+ 31. Kh1 Be3 32. Rc2 f6 33. exf6 Kf7 34. Nf2
h5 35. Ra1 Rd8 36. Nd1 Bb6 37. Rd2 Kxf6 38. a4 bxa4 39. Rxa4 Kf5 40. Ra1 h4 41.
h3 Rg8 42. Nf2 Rg7 43. Ng4 Rb7 44. Re1 Bc7 45. Red1 Rb5 46. Re2 a5 47. bxa5
Rxa5 48. Rc1 Ra3 49. Nf2 Be5 50. Ne4 Bg7 51. Nd6+ Kg6 52. Rec2 Be5 53. Nc8 Kf6
54. Nb6 Kf5 55. Nxd5 exd5 56. Rd2 Ke6 57. Rcd1 Kd6 58. Rxd5+ Ke6 59. Rc5 Rxc3
60. Re1 Re3 61. Rxe3 fxe3 62. Rxc4 Kf5 63. Kg1 Bg3 64. Kf1 Bf2 65. Ke2 Kg5 66.
Re4 Kf5 67. Rxe3 Bg3 68. Re4 Kf6 69. Rg4 Kf5 70. Rxg3 hxg3 71. Ke3 1-0

[Event "ENCI Limburg-open A"]
[Site "Maastricht"]
[Date "2007.05.28"]
[Round "6"]
[White "Hahn, Gerard"]
[Black "Braeken, Barry"]
[Result "1-0"]
[WhiteElo "2005"]
[BlackElo "1941"]
[PlyCount "69"]
[EventDate "2007.05.25"]
[EventType "swiss"]
[EventRounds "7"]
[EventCountry "NED"]
[Source "P.Boonen"]
[SourceDate "2010.01.01"]

1. e4 e5 2. Nf3 Nc6 3. Bb5 a6 4. Ba4 Nf6 5. O-O Nxe4 6. d4 exd4 7. Nxd4 Nxd4 8.
Qxd4 Nc5 9. Re1+ Ne6 10. Nc3 Be7 11. Qg4 O-O 12. Nd5 c6 13. Nxe7+ Qxe7 14. c3
f5 15. Qg3 Qf6 16. Qd6 Re8 17. Bf4 Qf8 18. Bb3 Kh8 19. Rad1 Nxf4 20. Qxf4 d5
21. Qc7 a5 22. Bc2 Ra6 23. Bd3 b5 24. a4 Be6 25. axb5 cxb5 26. Bxb5 Rc8 27. Qb7
Rd6 28. Qa7 Qd8 29. Rd2 Rb8 30. Ba4 Rdb6 31. Rde2 Ra8 32. Qxa8 Qxa8 33. Rxe6
Rb8 34. Re8+ Rxe8 35. Rxe8+ 1-0

[Event "ENCI Limburg-open A"]
[Site "Maastricht"]
[Date "2007.05.28"]
[Round "6"]
[White "Hamblok, Roel"]
[Black "Wlogalski, Olivier"]
[Result "1-0"]
[WhiteElo "1943"]
[BlackElo "2016"]
[PlyCount "75"]
[EventDate "2007.05.25"]
[EventType "swiss"]
[EventRounds "7"]
[EventCountry "NED"]
[Source "P.Boonen"]
[SourceDate "2010.01.01"]

1. d4 e6 2. Nf3 Nf6 3. g3 d5 4. Bg2 c5 5. O-O Nc6 6. c4 Be7 7. cxd5 Nxd5 8.
dxc5 Bxc5 9. a3 O-O 10. e4 Nf6 11. Qc2 Be7 12. Nc3 Qa5 13. Rd1 Bd7 14. Bf4 e5
15. Bg5 Bg4 16. b4 Qc7 17. Nd5 Nxd5 18. exd5 Bxf3 19. Bxf3 Bxg5 20. dxc6 bxc6
21. b5 c5 22. Bxa8 Rxa8 23. Rd5 Rc8 24. Qc4 Be7 25. a4 Kf8 26. Rad1 f6 27. Rd7
Qa5 28. Qe6 Re8 29. Kg2 Qxa4 30. Rxe7 Qe4+ 31. Kg1 Qg6 32. Rxe8+ Qxe8 33. Qxe8+
Kxe8 34. Rc1 Kd7 35. Rxc5 Kd6 36. Rc6+ Kd7 37. Ra6 Kc7 38. Rxa7+ 1-0

[Event "ENCI Limburg-open A"]
[Site "Maastricht"]
[Date "2007.05.28"]
[Round "6"]
[White "Kamps, Jacques"]
[Black "Saligo, Pieter"]
[Result "1/2-1/2"]
[WhiteElo "2102"]
[BlackElo "1807"]
[PlyCount "80"]
[EventDate "2007.05.25"]
[EventType "swiss"]
[EventRounds "7"]
[EventCountry "NED"]
[Source "P.Boonen"]
[SourceDate "2010.01.01"]

1. e4 c5 2. Nc3 d6 3. f4 e6 4. Nf3 g6 5. d4 b6 6. d5 a6 7. a4 Bg7 8. Bc4 Ne7 9.
dxe6 Bxe6 10. Bxe6 fxe6 11. Ng5 Qd7 12. Qg4 O-O 13. Qxe6+ Qxe6 14. Nxe6 Bxc3+
15. bxc3 Rf6 16. Ng5 h6 17. Nh3 Re6 18. Nf2 Nd5 19. O-O Nxc3 20. f5 gxf5 21.
exf5 Re2 22. Bxh6 Rxc2 23. Ng4 Nc6 24. f6 Kf7 25. Ne3 Re2 26. Nc4 Re6 27. Bg7
Rb8 28. h4 d5 29. Nd2 Ne5 30. Rae1 Rbe8 31. Rxe5 Rxe5 32. Nf3 Ne4 33. Nxe5+
Rxe5 34. g4 d4 35. g5 Nd6 36. g6+ Kxg6 37. f7 Nxf7 38. Bxe5 Nxe5 39. h5+ Kh7
40. Rf6 b5 1/2-1/2

[Event "ENCI Limburg-open A"]
[Site "Maastricht"]
[Date "2007.05.28"]
[Round "6"]
[White "Klein, Gernot"]
[Black "Roufs, Gerard"]
[Result "1-0"]
[WhiteElo "1988"]
[BlackElo "1878"]
[PlyCount "51"]
[EventDate "2007.05.25"]
[EventType "swiss"]
[EventRounds "7"]
[EventCountry "NED"]
[Source "P.Boonen"]
[SourceDate "2010.01.01"]

1. e4 c5 2. Nf3 e6 3. d4 cxd4 4. Nxd4 Nc6 5. Nc3 Qc7 6. Be2 a6 7. O-O Nf6 8.
Bg5 Be7 9. Kh1 O-O 10. f4 d6 11. Rf3 Re8 12. Rg3 Nxd4 13. Qxd4 e5 14. Qf2 Kh8
15. Bxf6 Bxf6 16. f5 Bh4 17. f6 g6 18. Qe3 Bxg3 19. Qh6 Rg8 20. Nd5 Qxc2 21.
hxg3 Qxe2 22. Kg1 Be6 23. Ne7 Qxe4 24. Rd1 d5 25. Kf2 d4 26. Qxh7+ 1-0

[Event "ENCI Limburg-open A"]
[Site "Maastricht"]
[Date "2007.05.28"]
[Round "6"]
[White "Koenig, Christian"]
[Black "Costello, Colin"]
[Result "1-0"]
[WhiteElo "2185"]
[BlackElo "2004"]
[PlyCount "65"]
[EventDate "2007.05.25"]
[EventType "swiss"]
[EventRounds "7"]
[EventCountry "NED"]
[Source "P.Boonen"]
[SourceDate "2010.01.01"]

1. d4 d5 2. c4 e6 3. Nc3 Nf6 4. cxd5 Nxd5 5. e4 Nxc3 6. bxc3 c5 7. a3 g6 8. Nf3
Bg7 9. e5 Qa5 10. Bd2 Nc6 11. Qb3 Qb6 12. Qxb6 axb6 13. Bb5 Bd7 14. O-O Nxe5
15. Nxe5 Bxb5 16. Rfb1 Bc6 17. Rxb6 O-O 18. Nxc6 bxc6 19. dxc5 Rfd8 20. Be1 Rd3
21. Rab1 Bxc3 22. R6b3 Bxe1 23. Rxd3 Ba5 24. Rb7 Bd8 25. Rdb3 Kg7 26. Rb8 Rxb8
27. Rxb8 Be7 28. Rc8 Bxc5 29. a4 Kf6 30. Rxc6 Bd4 31. a5 Ke7 32. Rc7+ Ke8 33.
a6 1-0